<?xml version="1.0" encoding="UTF-8"?>
<record
    xmlns:xsi="http://www.w3.org/2001/XMLSchema-instance"
    xsi:schemaLocation="http://www.loc.gov/MARC21/slim http://www.loc.gov/standards/marcxml/schema/MARC21slim.xsd"
    xmlns="http://www.loc.gov/MARC21/slim">

  <leader>02988nab a2200241 ab4500</leader>
  <controlfield tag="005">20260526110001.0</controlfield>
  <controlfield tag="008">251016c2025    ve fr poo#   #00|   spa d</controlfield>
  <controlfield tag="003"></controlfield>
  <datafield tag="040" ind1=" " ind2=" ">
    <subfield code="a">MX-MxUPN</subfield>
    <subfield code="b">spa</subfield>
    <subfield code="c">MX-MxUPN</subfield>
    <subfield code="e">aacr2</subfield>
  </datafield>
  <datafield tag="100" ind1="1" ind2=" ">
    <subfield code="a">Pernalete Anaya, Lady Diana</subfield>
    <subfield code="9">59704</subfield>
  </datafield>
  <datafield tag="245" ind1="1" ind2=" ">
    <subfield code="a">Representaci&#xF3;n social subyacente en el discurso paradigm&#xE1;tico de los tutores noveles y expertos de maestr&#xED;a de la Universidad Pedag&#xF3;gica Experimental Libertador</subfield>
    <subfield code="h">[recurso electr&#xF3;nico en l&#xED;nea]</subfield>
  </datafield>
  <datafield tag="506" ind1="0" ind2=" ">
    <subfield code="a">Acceso abierto</subfield>
  </datafield>
  <datafield tag="520" ind1="3" ind2=" ">
    <subfield code="a">El estudio es una investigaci&#xF3;n de campo de naturaleza cualitativa, orientada bajo el paradigma interpretativo y con el abordaje fenomenol&#xF3;gico-hermen&#xE9;utico. Su intenci&#xF3;n ha sido develar, interpretar, comprender y generar la representaci&#xF3;n social subyacente en el discurso paradigm&#xE1;tico de los tutores noveles y expertos de maestr&#xED;a de la UPEL-IPB. El muestreo te&#xF3;rico es intencional, puesto que se escuchan la opini&#xF3;n los actores sociales. La observaci&#xF3;n participante y la entrevista permitieron recoger la informaci&#xF3;n necesaria para visualizar un panorama amplio del fen&#xF3;meno. Adem&#xE1;s aportaron los insumos para la producci&#xF3;n del conocimiento; es importante resaltar, que el guion facilit&#xF3; a los actores sociales relatar sus opiniones y an&#xE9;cdotas. Las mismas, pasaron por un proceso de categorizaci&#xF3;n que luego fue triangulada con los diferentes autores y con el capital intelectual que posee la investigadora con respecto al discurso paradigm&#xE1;tico. De la interpretaci&#xF3;n emergieron las siguientes categor&#xED;as: Prestigio acad&#xE9;mico en la comunidad discursiva, Afinidades Acad&#xE9;mico- Discursivas. Competencia Ling&#xFC;&#xED;stica y Comunicativa del Tutor, Hacia la Producci&#xF3;n Coherente del Discurso Paradigm&#xE1;tico, Protagonismo Tutorial en la Producci&#xF3;n del Discurso Paradigm&#xE1;tico, Una Distinci&#xF3;n a la Primac&#xED;a Paradigm&#xE1;tica, Una Caja de Herramientas para la Construcci&#xF3;n Discursiva y Una Mesa Cuadrada para la Producci&#xF3;n de Conocimiento. Con las reflexiones se confirma que la representaci&#xF3;n social subyacente en el discurso est&#xE1; en el camino de la generaci&#xF3;n de conocimientos a trav&#xE9;s del discurso, de la experiencia propia y de los dem&#xE1;s, lo cierto es que se est&#xE1; en la tarea de buscar la verdad de cada orientaci&#xF3;n discursiva y que son m&#xFA;ltiples cada uno con una forma y un fondo espec&#xED;fico con el paradigma, en otras palabras, el discurso se construye desde la base de la teor&#xED;a y su aplicabilidad en la realidad de cada actor social. </subfield>
    <subfield code="c">REDINE</subfield>
  </datafield>
  <datafield tag="650" ind1=" " ind2="4">
    <subfield code="a">Representaciones sociales</subfield>
    <subfield code="9">15877</subfield>
  </datafield>
  <datafield tag="653" ind1=" " ind2=" ">
    <subfield code="a">Discurso paradigm&#xE1;tico</subfield>
  </datafield>
  <datafield tag="653" ind1=" " ind2=" ">
    <subfield code="a">Comunidad discursiva</subfield>
  </datafield>
  <datafield tag="650" ind1=" " ind2="4">
    <subfield code="a">Tutor&#xED;a en la educaci&#xF3;n</subfield>
    <subfield code="9">5718</subfield>
  </datafield>
  <datafield tag="773" ind1=" " ind2=" ">
    <subfield code="g">Vol. 17, no. 1 (2025), p. 1-13</subfield>
    <subfield code="t">REDINE : red de investigaci&#xF3;n educativa</subfield>
    <subfield code="x">2244&#x2013;7997</subfield>
  </datafield>
  <datafield tag="856" ind1="4" ind2=" ">
    <subfield code="u">https://revistas.uclave.org/index.php/redine/article/view/5127</subfield>
  </datafield>
  <datafield tag="856" ind1="4" ind2=" ">
    <subfield code="u">https://revistas.uclave.org/index.php/redine/article/view/5127/3662</subfield>
  </datafield>
  <datafield tag="902" ind1=" " ind2=" ">
    <subfield code="a">Leonor Sotres/260526</subfield>
  </datafield>
  <datafield tag="942" ind1=" " ind2=" ">
    <subfield code="c">ART-E</subfield>
  </datafield>
  <datafield tag="952" ind1=" " ind2=" ">
    <subfield code="0">0</subfield>
    <subfield code="1">0</subfield>
    <subfield code="4">0</subfield>
    <subfield code="7">0</subfield>
    <subfield code="8">CAA</subfield>
    <subfield code="a">BCUPN50</subfield>
    <subfield code="b">BCUPN50</subfield>
    <subfield code="c">ENL</subfield>
    <subfield code="d">2026-05-26</subfield>
    <subfield code="l">0</subfield>
    <subfield code="r">2026-05-26 11:00:46</subfield>
    <subfield code="u">https://revistas.uclave.org/index.php/redine/article/view/5127/3662</subfield>
    <subfield code="w">2026-05-26</subfield>
    <subfield code="y">ART-E</subfield>
  </datafield>
  <datafield tag="999" ind1=" " ind2=" ">
    <subfield code="c">215206</subfield>
    <subfield code="d">215206</subfield>
  </datafield>
</record>
